00582nam a2200169Ia 4500008004100000245010300041260002000144516002000164650002400184650002800208650001300236830001700249856004000266942000700306999001900313952008000332140925s9999 xx 000 0 und d aInternational Journal of Advances in Computing and Information Technology /h[electronic resource] bĀ IPA Journals, aElectronic text aAdvance Technology. aInformation Technology. aJournal. aIPA Journals uhttp://www.ijacit.com/articles.html cEJ c275706d275706 001040aCLbCLd0000-00-00l0pEJ0103r2014-09-25 00:00:00w2014-09-25yEJ